• 首页
  • 本馆介绍
  • 公告通知
  • 最新文献
  • 馆藏检索
  • 电子资源
  • 读者导购
  • 参考咨询
  • 我的图书馆
  • 登录
  • 详细信息显示
  • 放入我的书架
  • 预约/预借图书
  • 作者相关作品
  • 分类相关作品
  • 丛书相关作品
  • 出版社相关作品

书目信息

  • 表格格式
  • 工作单格式
  • 卡片格式
题名:
中国古代笑话
    
 
作者:
分册:  
出版信息: 北京   外文出版社  2005
页数: 201页
开本: 18cm
丛书名: 德语轻松阅读
单 册:
中图分类: H339.4 , I276.8
科图分类:
主题词: 德语--语言读物 , 笑话--中国--古代--选集 , 德语 , 笑话
电子资源:
ISBN: 7-119-03835-4
000 00839oam2 2200301 450
001 003237763
005 20061113124111.0
010    @a7-119-03835-4@dCNY9.00
035    @a003237763
100    @a20060210d2005 em y0chiy0110 ea
101 0  @achi@ager
102    @aCN@b110000
105    @aa z 000dy
106    @ar
200 1  @a中国古代笑话@Azhong guo gu dai xiao hua@dHumor im alten China@zger
210    @a北京@c外文出版社@d2005
215    @a201页@c图@d18cm
225 2  @a德语轻松阅读@Ade yu qing song yue dou
461  0 @1001002519177@12001 @a德语轻松阅读
510 1  @aHumor im alten China@zger
606 0  @a德语@j语言读物
606 0  @a笑话@y中国@z古代@j选集
606 0  @a德语
606 0  @a笑话
690    @aH339.4@v4
690    @aI276.8@v4
801  0 @aCN@bNLC@c20061114
905    @dH339.4@e118 @f3
    
    中国古代笑话=Humor im alten China.-北京:外文出版社,2005
    201页:图;18cm.-(德语轻松阅读)
    
    
    ISBN 7-119-03835-4:CNY9.00
    
●
相关链接 在E读中查询图书 在五车中查询图书 在当当中查询图书 在豆瓣中查询图书


正题名:中国古代笑话     索取号:H339.4/118         预约/预借

序号 登录号 条形码 馆藏地/架位号 状态 备注
1 0827118   208271181   第二样本阅览室/ [索取号:H339.4/118] 在馆    
2 0827119   208271190   第四借阅区/ [索取号:H339.4/118] 在馆    
3 0827120   208271207   第四借阅区/ [索取号:H339.4/118] 在馆    
4 0827121   208271216   第四借阅区/ [索取号:H339.4/118] 在馆    
5 0827122   208271225   第四借阅区/ [索取号:H339.4/118] 在馆    
6 0827123   208271234   第四借阅区/ [索取号:H339.4/118] 在馆    
7 0827124   208271243   第四借阅区/ [索取号:H339.4/118] 在馆    
8 0827125   208271252   第四借阅区/ [索取号:H339.4/118] 在馆    
9 0827126   208271261   第四借阅区/ [索取号:H339.4/118] 在馆    
10 0827127   208271270   第四借阅区/ [索取号:H339.4/118] 在馆    
11 0827128   208271289   第四借阅区/ [索取号:H339.4/118] 在馆    
12 0827129   208271298   第四借阅区/ [索取号:H339.4/118] 在馆    
13 0827130   208271305   第四借阅区/ [索取号:H339.4/118] 在馆    
14 0827131   208271314   第四借阅区/ [索取号:H339.4/118] 在馆    
15 0827132   208271323   第四借阅区/ [索取号:H339.4/118] 在馆    
16 0827133   208271332   第四借阅区/ [索取号:H339.4/118] 在馆    
17 0827134   208271341   第四借阅区/ [索取号:H339.4/118] 在馆    
18 0827135   208271350   第四借阅区/ [索取号:H339.4/118] 在馆    
19 0827136   208271369   第四借阅区/ [索取号:H339.4/118] 在馆    
20 0827137   208271378   第四借阅区/ [索取号:H339.4/118] 在馆    
21 0827138   208271387   第四借阅区/ [索取号:H339.4/118] 在馆    
22 0827139   208271396   第四借阅区/ [索取号:H339.4/118] 在馆    
23 0827140   208271403   第四借阅区/ [索取号:H339.4/118] 在馆    
24 0827141   208271412   第四借阅区/ [索取号:H339.4/118] 在馆    
25 0827142   208271421   第四借阅区/ [索取号:H339.4/118] 在馆    
26 0827143   208271430   第四借阅区/ [索取号:H339.4/118] 在馆    
27 0827144   208271449   第四借阅区/ [索取号:H339.4/118] 在馆    
28 0827145   208271458   第四借阅区/ [索取号:H339.4/118] 在馆    
29 0827146   208271467   第四借阅区/ [索取号:H339.4/118] 在馆    
30 0827147   208271476   第四借阅区/ [索取号:H339.4/118] 在馆    
31 0827148   208271485   第四借阅区/ [索取号:H339.4/118] 在馆    
32 0827149   208271494   第四借阅区/ [索取号:H339.4/118] 在馆    
33 0827150   208271500   第四借阅区/ [索取号:H339.4/118] 在馆    
34 0827151   208271519   第四借阅区/ [索取号:H339.4/118] 在馆    
35 0827152   208271528   第四借阅区/ [索取号:H339.4/118] 在馆    
36 0827153   208271537   第四借阅区/ [索取号:H339.4/118] 在馆    
37 0827154   208271546   第四借阅区/ [索取号:H339.4/118] 在馆    
38 0827155   208271555   第四借阅区/ [索取号:H339.4/118] 在馆    
39 0827156   208271564   第四借阅区/ [索取号:H339.4/118] 在馆    
40 0827157   208271573   第四借阅区/ [索取号:H339.4/118] 在馆    
41 0827158   208271582   第四借阅区/ [索取号:H339.4/118] 在馆    
42 0827159   208271591   第四借阅区/ [索取号:H339.4/118] 在馆    
43 0827160   208271608   第四借阅区/ [索取号:H339.4/118] 在馆    
44 0827161   208271617   第四借阅区/ [索取号:H339.4/118] 在馆    
45 0827162   208271626   第四借阅区/ [索取号:H339.4/118] 在馆    
46 0827163   208271635   第四借阅区/ [索取号:H339.4/118] 在馆    
47 0827164   208271644   第四借阅区/ [索取号:H339.4/118] 在馆    
48 0827165   208271653   第四借阅区/ [索取号:H339.4/118] 在馆    
49 0827166   208271662   第四借阅区/ [索取号:H339.4/118] 在馆    
50 0827167   208271671   第四借阅区/ [索取号:H339.4/118] 在馆    
51 0827168   208271680   第四借阅区/ [索取号:H339.4/118] 在馆    
52 0827169   208271699   第四借阅区/ [索取号:H339.4/118] 在馆    
53 0852348   208523481   第四借阅区/ [索取号:H339.4/118] 在馆    
54 0852349   208523490   第四借阅区/ [索取号:H339.4/118] 在馆    
55 0852350   208523506   第四借阅区/ [索取号:H339.4/118] 在馆    
唐山师范学院图书馆 欢迎您!
大连网信软件有限公司© 版权所有